La condition de la femme dans les diverses races et civilizations / (Record no. 91254)

MARC details
000 -LEADER
campo de control de longitud fija 00873nam a2200229 i 4500
001 - NÚMERO DE CONTROL
campo de control 91254
003 - IDENTIFICADOR DE NÚMERO DE CONTROL
campo de control ES-MaACL
005 - FECHA Y HORA DE LA ÚLTIMA TRANSACCIÓN
campo de control 20250807123015.0
007 - CAMPO FIJO DE DESCRIPCIÓN FÍSICA--INFORMACIÓN GENERAL
campo de control de longitud fija t|
008 - DATOS DE LONGITUD FIJA--INFORMACIÓN GENERAL
campo de control de longitud fija 050128s1903 fr ||||1| fre d
100 1# - ENTRADA PRINCIPAL--NOMBRE DE PERSONA
Nombre de persona Letourneau, Charles.
9 (RLIN) 71888
245 13 - MENCIÓN DEL TÍTULO
Título La condition de la femme dans les diverses races et civilizations /
Mención de responsabilidad, etc. par Charles Letourneau ; publiée sous la direction de René Worms ; avec une notice biographique par G. Papillault.
260 ## - PUBLICACIÓN, DISTRIBUCIÓN, ETC.
Lugar de publicación, distribución, etc. París :
Nombre del editor, distribuidor, etc. [s.n.,
Fecha de publicación, distribución, etc. 1903] (
Lugar de fabricación/manufactura Saint Amand :
Fabricante Bussière)
300 ## - DESCRIPCIÓN FÍSICA
Extensión XVI, 508 p. ;
Dimensiones 22 cm.
490 1# - MENCIÓN DE SERIE
Mención de serie Bibliothèque sociologique internationale
500 ## - NOTA GENERAL
Nota general Precede al tít.: Bibliotheque.
700 1# - ENTRADA AGREGADA--NOMBRE PERSONAL
Nombre de persona Worms, René,
Fechas asociadas al nombre 1869-1926
9 (RLIN) 117375
700 1# - ENTRADA AGREGADA--NOMBRE PERSONAL
Nombre de persona Papillault, G.
9 (RLIN) 88871
830 0# - PUNTO DE ACCESO ADICIONAL DE SERIE-TÍTULO UNIFORME
Título uniforme Bibliothèque sociologique internationale
9 (RLIN) 184184
852 ## - LOCALIZACIÓN
Ubicación ES-MaACL
Número de control de estantería F-11837
Holdings
Estatus retirado Estado de pérdida Estado de daño No para préstamo Biblioteca de origen Biblioteca actual Ubicación en estantería Fecha de adquisición Fuente de adquisición Total de préstamos Signatura topográfica completa Código de barras Visto por última vez Precio de reemplazo Tipo de ítem Koha
        Biblioteca del Ateneo de Madrid Biblioteca del Ateneo de Madrid Sala Pecera Planta 2 17/01/2008     F-11837 1095275 23/02/2023 23/02/2023 Libro impreso